000 00810cam a22002655a 4500
001 17984387
005 20201128024020.0
008 131226t2014 inua fr 001 0 eng d
020 _a9781118729083
040 _aDLC
_beng
_cDLC
_dEG-ScBUE
082 0 4 _222
_a005.74
_bMIC
245 0 0 _aMicrosoft big data solutions /
_cAdam Jorgensen ... [et al.]
260 _aIndianapolis :
_bJohn Wiley & Sons,
_cc.2014.
300 _axix, 388 p. :
_bill. ;
_c24 cm.
500 _aIndex : p. 379-388.
650 7 _2BUEsh
_937309
_aCloud computing.
650 7 _2BUEsh
_940141
_aWeb services.
650 7 _91995
_aComputers.
_2BUEsh
651 _2BUEsh
653 _bCOMSCI
_cNovember2016
700 1 _aJorgensen, Adam.
906 _a0
_bibc
_corignew
_d2
_eepcn
_f20
_gy-gencatlg
942 _2ddc
999 _c23296
_d23268